书目信息 |
| 题名: |
中国人民解放军选举全国人民代表大会和地方各级人民代表大会代表的办法
|
|
| 作者: | ||
| 分册: | ||
| 出版信息: | 北京 法律出版社 1982 |
|
| 页数: | 10页 | |
| 开本: | 20cm | |
| 丛书名: | ||
| 单 册: | ||
| 中图分类: | D921.2 | |
| 科图分类: | ||
| 主题词: | 法律--中国 | |
| 电子资源: | ||
| ISBN: | ||
| 000 | 00634nam0 2200193 450 | |
| 001 | 0655486609 | |
| 005 | 20060705152649.89 | |
| 010 | @dCNY0.07 | |
| 100 | @a20060705d1982 km y0chiy0120 ea | |
| 101 | 0 | @achi |
| 102 | @aCN@b110000 | |
| 102 | @aCN@b110000 | |
| 200 | 1 | @a中国人民解放军选举全国人民代表大会和地方各级人民代表大会代表的办法@Azhong guo ren min jie fang jun xuan ju quan guo ren min dai biao da hui he di fang ge ji ren min dai biao da hui dai biao de ban fa |
| 210 | @a北京@c法律出版社@d1982 | |
| 215 | @a10页@d20cm | |
| 606 | 0 | @a法律@x中国 |
| 690 | @aD921.2@v3 | |
| 801 | 0 | @aCN@bPFT@c20060705 |
| 905 | @a10447@dD921.2@e429 | |
| 中国人民解放军选举全国人民代表大会和地方各级人民代表大会代表的办法.-北京:法律出版社,1982 |
| 10页;20cm |
| ISBN :CNY0.07 |
| ● |
| 相关链接 |
|
|
|
|
正题名:中国人民解放军选举全国人民代表大会和地方各级人民代表大会代表的办法
索取号:D921.2/429
 
预约/预借
| 序号 | 登录号 | 条形码 | 馆藏地/架位号 | 状态 | 备注 |
| 1 | 0422063 | 204220636 | 密集书库/ [索取号:D921.2/429] | 在馆 | |
| 2 | 0422064 | 204220645 | 密集书库/ [索取号:D921.2/429] | 在馆 |